000
00199 a2200097 4500
001
10105
100
_a
Hyman, S.
245
_a
American president, the
260
_a
_b
Odhams
_c
090
_c
7856
_d
7856
942
_a
NUST-CAE
_c
M
_c
34551
999
_c
245178
_d
245178